Ruth B. - Dandelions - Statistics

General Stats
  • This quiz has been taken 164 times
  • The average score is 282 of 337
Answer Stats
Answer % Correct
i
99%
a
98%
you
98%
dandelion
96%
on
96%
in
95%
i'm
94%
of
94%
the
94%
every
93%
go
93%
wishing
93%
mine
92%
one
92%
that
92%
be
90%
my
88%
field
87%
to
87%
your
87%
and
86%
it
86%
dandelions
83%
when
83%
you'll
83%
are
81%
for
81%
love
81%
never
81%
'cause
80%
i've
80%
me
80%
see
80%
time
80%
all
78%
smile
78%
so
78%
way
78%
feel
77%
it's
77%
know
77%
lifetime
77%
sure
77%
eyes
76%
pretty
76%
say
76%
maybe
75%
name
75%
once
75%
praying
75%
god
73%
heard
73%
day
72%
forever
72%
okay
72%
game
71%
like
71%
play
71%
but
69%
comes
69%
good
67%
you'd
67%
you're
66%
felt
61%
looking
60%
wind
60%
anybody
59%
at
59%
free
59%
happy
58%
darling
57%
hard
57%
let
54%
think
54%
alive
53%
breathe
52%
into
52%
won't
52%
dreamed
51%
nobody
49%
known
46%
gets
45%
No matching quizzes found
Score Distribution
Percent of People with Each Score
Percentile by Number Answered
Your Score History
You have not taken this quiz